| 000 | 00447nam a2200181Ia 4500 | ||
|---|---|---|---|
| 008 | 240925s9999 xx 000 0 und d | ||
| 020 | _a9837203919 | ||
| 082 | _a658.4 DIW | ||
| 100 | _aDiwan , Parag | ||
| 245 | 0 | _aInformation System: a management approch | |
| 250 | _aNA | ||
| 260 |
_aLondon: _bJohn Wiley Sons _c,2004. |
||
| 300 |
_axix,708p. _bNA _fOriginal |
||
| 500 | _aNA | ||
| 600 | _aManagement | ||
| 650 | _aManagement | ||
| 942 | _cBK | ||
| 999 |
_c7885 _d7885 |
||